000
00332nam a2200145Ia 4500
100
_a
Rathan Reddy/B
942
_c
BK
366
_f
15
654
_a
Team development
245
_a
Team development and leadership
260
_b
Jaico Publishing House
_a
Mumbai
_c
2005
082
_a
658.4092/RAT
300
_a
656
546
_a
ENGLISH
999
_c
22681
_d
22681